Best practices in medical teaching (Record no. 866)

MARC details
000 -LEADER
fixed length control field 00660nam a22002177a 4500
005 - DATE AND TIME OF LATEST TRANSACTION
control field 20231123080658.0
008 - FIXED-LENGTH DATA ELEMENTS--GENERAL INFORMATION
fixed length control field 231123b |||||||| |||| 00| 0 eng d
020 ## - INTERNATIONAL STANDARD BOOK NUMBER
International Standard Book Number 9780521151764 (pbk)
040 ## - CATALOGING SOURCE
Original cataloging agency KMU
Transcribing agency KMU
Modifying agency KMU
Description conventions rda
050 ## - LIBRARY OF CONGRESS CALL NUMBER
Classification number RC 483
100 ## - MAIN ENTRY--PERSONAL NAME
Personal name Stahl,Stphen M.
245 ## - TITLE STATEMENT
Title Best practices in medical teaching
Remainder of title /
Statement of responsibility, etc. Stephen M.Stahl and Richard L.Davies
260 ## - PUBLICATION, DISTRIBUTION, ETC.
Place of publication, distribution, etc. UK:
Name of publisher, distributor, etc. Cambridge University,
Date of publication, distribution, etc. 2011.
300 ## - PHYSICAL DESCRIPTION
Extent Viii,178 p.:
Other physical details ill.;
Dimensions 19cm
500 ## - GENERAL NOTE
General note Include references and index
650 ## - SUBJECT ADDED ENTRY--TOPICAL TERM
Source of heading or term oclc
Topical term or geographic name entry element Medicine
650 ## - SUBJECT ADDED ENTRY--TOPICAL TERM
Source of heading or term OCLC
Topical term or geographic name entry element Medical teaching
650 ## - SUBJECT ADDED ENTRY--TOPICAL TERM
Source of heading or term oclc
Topical term or geographic name entry element medical practices
700 ## - ADDED ENTRY--PERSONAL NAME
Personal name Davies,Richard L.
942 ## - ADDED ENTRY ELEMENTS (KOHA)
Source of classification or shelving scheme Library of Congress Classification
Koha item type Non-Fiction
Suppress in OPAC No
Holdings
Withdrawn status Lost status Source of classification or shelving scheme Damaged status Not for loan Collection Home library Current library Shelving location Date acquired Source of acquisition Total Checkouts Full call number Barcode Date last seen Date last checked out Price effective from Koha item type
    Library of Congress Classification     Non-fiction Kapasa Makasa University Kapasa Makasa University Open Access 23.11.2023 ZLS 1 RC 483 Sta 746312 19.01.2024 23.11.2023 23.11.2023 Non-Fiction